Countries With the Lowest and Highest Egg Prices - Statistics

General Stats
  • This quiz has been taken 24 times
  • The average score is 11 of 20
Answer Stats
$ Country % Correct
4.69 Denmark
86%
0.95 India
82%
5.94 Iceland
77%
1.19 Pakistan
77%
1.47 Russia
77%
4.31 Austria
73%
4.56 Luxembourg
73%
6.84 Switzerland
73%
4.53 Netherlands
64%
6.14 New Zealand
64%
1.49 Vietnam
64%
1.14 Iran
59%
4.22 Greece
55%
1.23 Bangladesh
50%
1.45 Egypt
45%
1.29 Belarus
36%
1.46 Libya
32%
5.39 Barbados
23%
4.20 Trinidad and Tobago
18%
1.37 Azerbaijan
14%
No matching quizzes found
Score Distribution
Percent of People with Each Score
Percentile by Number Answered
Your Score History
You have not taken this quiz